| 000 | 00627nam a2200145Ia 4500 | ||
|---|---|---|---|
| 008 | 170221s9999 xx 000 0 und d | ||
| 100 | _aSvetlana S. Kudryavtseva | ||
| 245 | 4 | _aThe Methods of National Innovation Systems Assessing | |
| 245 | _cSvetlana S. Kudryavtseva, Alexey I. Shinkevich, Sofia Sh. Ostanina, Ekaterina L. Vodolazhskaya, Natalia M. Chikisheva, Irina V. Lushchik, Lidiya V. Shirokova, Elmira R. Khairullina | ||
| 260 | _bInternational Review of Management and Marketing | ||
| 260 | _c2016 | ||
| 300 | _a6 : 2S | ||
| 650 | _xMarketing. | ||
| 856 | _uhttp://www.econjournals.com/index.php/irmm/issue/view/71 | ||
| 999 |
_c308572 _d308572 |
||